000 004470000a22001810004500
003 MACL
005 20150919125448.0
008 150919b xxu||||| |||| 00| 0 eng d
040 _aMACL
_cMACL
041 _aEnglish
082 _a826/NAR
100 _aNarain, Iqbal
_911978
245 _aPages from A Vice-Chancellor's Diary
260 _bChanakya Publication
_c1990
_aDelhi
350 _a140
650 _aLetters
_911979
942 _cBK
_k826
_2ddc
999 _c5362
_d5362